A cocinar con Dora y Diego! / (Record no. 18967)

MARC details
000 -LEADER
fixed length control field 01796cam a2200445 a 4500
001 - CONTROL NUMBER
control field sjds475752
003 - CONTROL NUMBER IDENTIFIER
control field sjds
005 - DATE AND TIME OF LATEST TRANSACTION
control field 20171020155603.0
008 - FIXED-LENGTH DATA ELEMENTS--GENERAL INFORMATION
fixed length control field 110202t20102010njua j 001 0 spa
010 ## - LIBRARY OF CONGRESS CONTROL NUMBER
LC control number 2011005087
020 ## - INTERNATIONAL STANDARD BOOK NUMBER
International Standard Book Number 9781118044032 (Hard)
020 ## - INTERNATIONAL STANDARD BOOK NUMBER
International Standard Book Number 1118044037 (Hard)
035 ## - SYSTEM CONTROL NUMBER
System control number (OCoLC)690090008
040 ## - CATALOGING SOURCE
Original cataloging agency DLC
Language of cataloging eng
Transcribing agency DLC
Modifying agency IG#
-- BTCTA
-- IEB
-- IFA
-- UtOrBLW
041 ## - LANGUAGE CODE
Language code of text/sound track or separate title spa
049 ## - LOCAL HOLDINGS (OCLC)
Holding library IFAA
099 ## - LOCAL FREE-TEXT CALL NUMBER (OCLC)
Classification number CHILDREN ESPANOL 641.5 COCINAR 2010
999 ## - SYSTEM CONTROL NUMBERS (KOHA)
Koha Dewey Subclass [OBSOLETE] CHILDREN ESPANOL 641.5 COCINAR 2010
245 02 - TITLE STATEMENT
Title A cocinar con Dora y Diego! /
Statement of responsibility, etc. Nickelodeon.
260 ## - PUBLICATION, DISTRIBUTION, ETC. (IMPRINT)
Place of publication, distribution, etc. Hoboken, N.J. :
Name of publisher, distributor, etc. John Wiley & Sons,
Date of publication, distribution, etc. c2010
264 #1 - PRODUCTION, PUBLICATION, DISTRIBUTION, MANUFACTURE, AND COPYRIGHT NOTICE
Place of production, publication, distribution, manufacture Hoboken, N.J. :
Name of producer, publisher, distributor, manufacturer John Wiley & Sons,
Date of production, publication, distribution, manufacture, or copyright notice [2010]
264 #4 - PRODUCTION, PUBLICATION, DISTRIBUTION, MANUFACTURE, AND COPYRIGHT NOTICE
Date of production, publication, distribution, manufacture, or copyright notice c2010
300 ## - PHYSICAL DESCRIPTION
Extent 128 pages :
Other physical details color illustrations ;
Dimensions 24 cm
336 ## - CONTENT TYPE
Content type term text
Content type code txt
Source rdacontent
337 ## - MEDIA TYPE
Media type term unmediated
Media type code n
Source rdamedia
338 ## - CARRIER TYPE
Carrier type term volume
Carrier type code nc
Source rdacarrier
500 ## - GENERAL NOTE
General note At head of title: Nickelodeon.
500 ## - GENERAL NOTE
General note Includes index.
520 ## - SUMMARY, ETC.
Summary, etc. "Good morning! �Llegó el día de comenzar nuevas aventuras! Corretear con los animales todo el tiempo requiere de mucha energía! Come un desayuno sano y estarás listo para corer 'go, go, go' como Diego!"--Provided by publisher.
521 1# - TARGET AUDIENCE NOTE
Target audience note 004-008.
546 ## - LANGUAGE NOTE
Language note Text primarily in Spanish with some English words.
650 #0 - SUBJECT ADDED ENTRY--TOPICAL TERM
Topical term or geographic name as entry element Cooking
Form subdivision Juvenile literature.
650 #0 - SUBJECT ADDED ENTRY--TOPICAL TERM
Topical term or geographic name as entry element Dora the Explorer (Fictitious character)
Form subdivision Juvenile literature.
650 #0 - SUBJECT ADDED ENTRY--TOPICAL TERM
Topical term or geographic name as entry element Márquez, Diego (Fictitious character)
Form subdivision Juvenile literature.
650 #7 - SUBJECT ADDED ENTRY--TOPICAL TERM
Topical term or geographic name as entry element Cocina
Form subdivision Literatura juvenil.
Source of heading or term bidex
650 #7 - SUBJECT ADDED ENTRY--TOPICAL TERM
Topical term or geographic name as entry element Dora la Exploradora (Personaje literario)
Form subdivision Novela juvenil.
Source of heading or term bidex
650 #7 - SUBJECT ADDED ENTRY--TOPICAL TERM
Topical term or geographic name as entry element Márquez, Diego (Personaje literario)
Form subdivision Novela juvenil.
Source of heading or term bidex
710 2# - ADDED ENTRY--CORPORATE NAME
Corporate name or jurisdiction name as entry element Nickelodeon (Television network)
942 ## - ADDED ENTRY ELEMENTS (KOHA)
Koha item type Libro/Book
Holdings
Withdrawn status Lost status Damaged status Not for loan Home library Current library Date acquired Total Checkouts Total Renewals Barcode Date last seen Date checked out Price effective from Koha item type
        Sevadilla -- Satellite San Juan Del Sur -- Biblioteca 20/10/2017 1 1 35400863 28/06/2023 19/02/2018 20/10/2017 Libro/Book

Powered by Koha